logo

Bir Sreshtho Munshi Abdur Rouf Library
Jhenaidah Cadet College

Water in the Middle East : (Record no. 6223)

MARC details
000 -LEADER
fixed length control field 01305nam a2200349 a 4500
001 - CONTROL NUMBER
JCCL Control Number 6223
003 - CONTROL NUMBER IDENTIFIER
JCCL marc code BD - Jhcc
005 - DATE AND TIME OF LATEST TRANSACTION
control field 20180117111922.0
008 - FIXED-LENGTH DATA ELEMENTS--GENERAL INFORMATION
fixed length control field 500101s1984 enk b 000 0 eng d
020 ## - INTERNATIONAL STANDARD BOOK NUMBER
International Standard Book Number 0813370132 (alk.paper)
035 ## - SYSTEM CONTROL NUMBER
system control number (BD - Jhcc)6223
040 ## - CATALOGING SOURCE
Original cataloging agency DLC
Transcribing agency DLC
Modifying agency m/c
-- UKM
-- BD - Jhcc
041 ## - LANGUAGE CODE
Language code of Book eng
050 #0 - LIBRARY OF CONGRESS CALL NUMBER
Classification number TC513.5
Item number .W38 1984
082 ## - DEWEY DECIMAL CLASSIFICATION NUMBER
Classification number 333.91/15/0956
DDC Edition number 19
Author mark and Year WAT 1984
245 00 - TITLE STATEMENT
Title Water in the Middle East :
Remainder of title conflict or cooperation? /
Statement of responsibility, etc edited by Thomas Naff and Ruth C. Matson
260 ## - PUBLICATION, DISTRIBUTION, ETC. (IMPRINT)
Place of publication, distribution, etc Boulder, Colo :
-- London :
Name of publisher, distributor, etc Westview ;
Place of publication, distribution, etc Epping :
Name of publisher, distributor, etc Bowker,
Date of publication, distribution, etc 1984.
300 ## - PHYSICAL DESCRIPTION
Pagination xvii, 236 p. :
Other physical details ill. ;
Dimensions 23 cm
490 1# - SERIES STATEMENT
Series statement M.E.R.I. special studies ;
Volume number/sequential designation no. 2
490 1# - SERIES STATEMENT
Series statement Westview replica edition
500 ## - GENERAL NOTE
General note "Published in cooperation with the Middle East Research Institute, University of Pennsylvania"--Cover
500 ## - GENERAL NOTE
General note Paste-over slip on t.p. verso : "Published in the UK by Bowker... Epping"
504 ## - BIBLIOGRAPHY, ETC. NOTE
Bibliography, etc Bibliography: p. [199]-218
650 #0 - SUBJECT ADDED ENTRY--TOPICAL TERM
Topical term or geographic name as entry element Water resources development
Geographic subdivision Middle East
700 1# - ADDED ENTRY--PERSONAL NAME
Personal name Matson, Ruth C.
700 1# - ADDED ENTRY--PERSONAL NAME
Personal name Naff, Thomas.
710 2# - ADDED ENTRY--CORPORATE NAME
Corporate name or jurisdiction name as entry element University of Pennsylvania.
Subordinate unit Middle East Research Institute.
830 #0 - SERIES ADDED ENTRY--UNIFORM TITLE
Uniform title M.E.R.I. special studies ;
Volume number/sequential designation no. 2
830 #0 - SERIES ADDED ENTRY--UNIFORM TITLE
Uniform title Westview replica edition
942 ## - ADDED ENTRY ELEMENTS (KOHA)
Source of classification or shelving scheme Dewey Decimal Classification
Koha item type Books
Holdings
Source of classification or shelving scheme Damaged status Not for loan Home library Current library Shelving location Total Checkouts Full call number Barcode Date last seen Copy number Koha item type
Dewey Decimal Classification     JCC Rouf Library JCC Rouf Library General Stacks   333.91/15/0956 WAT 1984 7897 01/17/2018 C - 1 Books

JCC Library | Contacts | JCC Home

Last Update on 23 September 2017
Copyright @ 2017-2020 JCC Rouf Library
Rouf Library, Jhenidah Cadet College (JCC), Bangladesh